banner koha

Estatuto da associação civil sem fins lucrativos Sociedade de Pesquisa Johanna Dobereiner (Registro n. 10004)

MARC details
000 -LÍDER
Campo de controle fixo 00832nam a22002897a 4500
001 - NÚMERO DE CONTROLE
Número de controle BR2023001060
003 - CÓDIGO MARC DA AGÊNCIA CATALOGADORA
Campo de controle BR-BrBNA
005 - DATA E HORA DA ÚLTIMA ATUALIZAÇÃO
Campo de controle 20230919234016.0
008 - CAMPO DE TAMANHO FIXO
Campo fixo de controle 230919b bl.||||| |||| 00| 0 por d
040 ## - FONTE DA CATALOGAÇÃO
Agência catalogadora BR-BrBNA
Idioma da catalogação por
041 ## - CÓDIGO DO IDIOMA
Código do Idioma por
072 ## - CATEGORIA AGRIS
Código da categoria de assunto/objeto <a href="D50 ; B50 ; A50">D50 ; B50 ; A50</a>
090 ## - NÚMERO DE CHAMADA
Localização na estante D50
Código BR BR2023001060
110 ## - ENTRADA PRINCIPAL - ENTIDADE
Nome da entidade ou lugar Sociedade de Pesquisa Johanna Dobereiner, Rio de Janeiro, RJ (Brasil)
245 ## - TÍTULO PRINCIPAL
Título principal Estatuto da associação civil sem fins lucrativos Sociedade de Pesquisa Johanna Dobereiner
260 ## - IMPRENTA (PUBLICAÇÃO, DISTRIBUIÇÃO, ETC.)
Lugar de publicação, distribuição, etc. Rio de Janeiro, RJ (Brasil)
Data de publicação, distribuição, etc 2002
300 ## - DESCRIÇÃO FÍSICA
Extensão 20 p.
650 ## - ASSUNTO - THESAGRO
Cabeçalho tópico ou nome geográfico LEGISLAÇÃO
650 ## - ASSUNTO - THESAGRO
Cabeçalho tópico ou nome geográfico ESTATUTO
650 ## - ASSUNTO - THESAGRO
Cabeçalho tópico ou nome geográfico HISTÓRIA
650 ## - ASSUNTO - THESAGRO
Cabeçalho tópico ou nome geográfico BIOGRAFIA
650 ## - ASSUNTO - THESAGRO
Cabeçalho tópico ou nome geográfico PESQUISA
650 ## - ASSUNTO - THESAGRO
Cabeçalho tópico ou nome geográfico AGRICULTURA SUSTENTÁVEL
650 ## - ASSUNTO - THESAGRO
Cabeçalho tópico ou nome geográfico FIXAÇÃO DE NITROGÊNIO
909 ## - IDENTIFICAÇÃO DO CATALOGADOR
Ano e mês da catalogação (aaaamm) 202309
Identificação do catalogador Fernando
942 ## - TIPO ESPECÍFICO
Tipo de material Livros
952 ## - LOCATION AND ITEM INFORMATION (KOHA)
-- 2023-09-19
Exemplares
Status de empréstimo Fonte de classificação Status de danificação Não pode ser emprestado Código da coleção Localização permanente Localização atual Localização na estante Total Checkouts Número de chamada Código de barras Tipo de material
  Classificação AGRIS     Agrobase Biblioteca Nacional de Agricultura - Binagri Biblioteca Nacional de Agricultura - Binagri Agrobase - Acervo Geral   D50 BR2023001060 2023-436375 Livros

BINAGRI

Telefone: (61)3218-2567/2388/3357/2097 - binagri@agro.gov.br

Ministério da Agricultura e Pecuária , Esplanada dos Ministérios, Bloco D, Anexo B, Brasília/DF, CEP: 70.043-900